| 000 | 00494nam a2200169Ia 4500 | ||
|---|---|---|---|
| 999 |
_c14627 _d14627 |
||
| 003 | OSt | ||
| 005 | 20201021115058.0 | ||
| 008 | 190216s9999||||xx |||||||||||||| ||und|| | ||
| 040 | _coclc | ||
| 082 |
_a822.914 _bSAR/K |
||
| 100 |
_a Sarangi, Jaydeep _95607 |
||
| 245 | 0 |
_aKamaladas The Great Indian Trend-Setter / _cJaydeep Sarangi |
|
| 260 |
_bAuthorspress, _c2010. _aDelhi: |
||
| 300 | _a132p | ||
| 650 | _aEnglish | ||
| 942 |
_cBK _2ddc _h822.914 _iSAR/K _k822.914 _mSAR/K |
||